Očakávateľné podmienky v poľnohospodárstve nových členských krajín po roku 2013

Prečo potrebujeme jednu Európsku spoločnú agrárnu politiku a prečo je potrebné zreformovať SAP pre zajtrajšok.

Enregistré dans:
Détails bibliographiques
Auteur principal: Fekete, Pavol
Format: Chapitre de livre
Langue:anglais
Sujets:
Tags: Ajouter un tag
Pas de tags, Soyez le premier à ajouter un tag!

MARC

LEADER 00000nla a2200000 4500
001 0168765
005 20220722102006.2
041 0 |a eng 
044 |a SK 
245 1 0 |a Očakávateľné podmienky v poľnohospodárstve nových členských krajín po roku 2013  |c Pál Fekete 
520 |a Prečo potrebujeme jednu Európsku spoločnú agrárnu politiku a prečo je potrebné zreformovať SAP pre zajtrajšok. 
610 2 0 |a Európska únia 
610 2 0 |a poľnohospodárstvo 
610 2 0 |a reformy poľnohospodárske 
610 2 0 |a politika poľnohospodárska 
100 1 |a Fekete, Pavol